| 000 | 00535nam a2200193 a 4500 | ||
|---|---|---|---|
| 005 | 20250122063741.0 | ||
| 008 | 991125s1971 mx 000 0 spa u | ||
| 035 | _aUPN01000016544 | ||
| 049 | _aCG | ||
| 050 | 4 |
_aHF5736 _bA9.32 1971 |
|
| 100 | 1 | _aAvila Roldán, Tomás | |
| 245 | 1 | 0 |
_aDocumentación : _bsegundo curso / _cTomás Avila Roldán. |
| 250 | _a7a ed. | ||
| 260 |
_aMéxico : _bECA, _c1971. |
||
| 300 | _a150 p. | ||
| 650 | 4 |
_aARCHIVOS DE OFICINA - _xORGANIZACION _91428 |
|
| 650 | 2 |
_aDocumentación _97871 |
|
| 905 | _aLibro | ||
| 999 |
_c16544 _d16544 |
||